000 00634nam a2200241Ia 4500
003 OSt
005 20220924144149.0
006 a|||||r|||| 00| 0
007 ta
008 220923b |||||||| |||| 00| 0 urd d
020 _c30
024 _a312459
037 _cTextual
040 _aARTS
_cARTS
_burd
041 _2urd
_aurd
082 _aO168,1:g(P168:4k), L7
100 _aHussain Hamid
_9217143
245 0 _aUrdu shairi mein mutamal talmihat wa mustalahat
260 _c1977
650 _aURDU POETRY
942 _hO168,1:g(P168:4k), L7
_cTEXL
_2CC
999 _c456299
_d456299